| 000 | 01754cam a2200385 a 4500 | ||
|---|---|---|---|
| 001 | stockwellofminne00ever | ||
| 003 | CaSfIA | ||
| 005 | 20210119084544.0 | ||
| 007 | cr|||| | ||
| 008 | 960909s1996 mnua b 001 0beng | ||
| 010 | _a 96041286 | ||
| 040 |
_aDLC _cDLC _dOCL _dBAKER _dBTCTA _dOCLCG _dHLS _dCaSfIA |
||
| 020 | _a0878391037 (alk. paper) | ||
| 020 | _a9780878391035 (alk. paper) | ||
| 035 | _a(OCoLC)35559079 | ||
| 043 | _an-us-mn | ||
| 050 | 0 | 0 |
_aF606 _b.S87 1996 |
| 082 | 0 | 0 |
_a977.6/04/092 _220 |
| 082 | 1 | 4 |
_aB _220 |
| 100 | 1 |
_aEverts, William P., _d1918- |
|
| 245 | 1 | 0 |
_aStockwell of Minneapolis : _h[electronic resource] _ba pioneer of social and political conscience / _cWilliam P. Everts, Jr. |
| 260 |
_aSt. Cloud, Minn. : _bNorth Star Press of St. Cloud, _cc1996. |
||
| 300 |
_axv, 423 p. : _bill. ; _c23 cm. |
||
| 504 | _aIncludes bibliographical references (p. 395-402) and index. | ||
| 600 | 1 | 0 |
_aStockwell, Sylvanus Albert, _d1857-1943. |
| 650 | 0 |
_aLegislators _zMinnesota _vBiography. |
|
| 610 | 1 | 0 |
_aMinnesota. _bLegislature _vBiography. |
| 650 | 0 |
_aSocial reformers _zMinnesota _vBiography. |
|
| 651 | 0 |
_aMinnesota _xPolitics and government _y1858-1950. |
|
| 856 | 4 | 1 |
_uhttp://www.archive.org/details/stockwellofminne00ever _zFree eBook from the Internet Archive |
| 856 | 4 | 2 |
_uhttp://www.openlibrary.org/books/OL1001991M _zAdditional information and access via Open Library |
| 942 | _cEB | ||
| 506 | _fНеобхідна авторизація на https://archive.org/ (створення облікового запису безкоштовно) | ||
| 506 | _fНеобхідна авторизація на https://openlibrary.org/ (створення облікового запису безкоштовно) | ||
| 999 |
_c552582 _d552582 |
||